Estadísticas para Prueba de Turquía

Haz click aquí para tomar la prueba!

Estadísticas generales

  • Esta prueba ha sido tomada 505 veces
  • La puntuación promedio es 12 de 19

Estadísticas de respuestas

PistaRespuesta% Correcto
¿Cuál es la capital de Turquía?Ankara
99%
¿Cuál es la ciudad más poblada de Turquía?Estambul
95%
¿Qué imperio turco se disolvió en 1923?Imperio Otomano
90%
Los cuatro mares que bordean TurquíaMar Mediterraneo
90%
Los cuatro mares que bordean TurquíaMar Negro
90%
¿Cuál era el nombre anterior de esa ciudad?Constantinopla / Bizancio
79%
Los cuatro mares que bordean TurquíaMar Egeo
65%
¿Cómo se llama la carne cocinada en un asador vertical?Kebab
64%
¿Cuál era el título de la persona que gobernaba ese imperio?Sultán
61%
¿Cómo se llama la península en la que se encuentra la mayor parte de Turquía?Anatolia
54%
¿Cómo es la Mezquita del Sultán Ahmed comúnmente conocida?Mezquita {Azul}
54%
¿Cuál es la moneda de Turquía?Lira
53%
¿Cuál es el segundo grupo étnico más grande de Turquía?Kurdo
44%
¿Quién es considerado el padre de la Turquía moderna?Mustafa Kemal Atatürk
43%
¿Cuál es la montaña más alta de Turquía?Monte Ararat
42%
Los cuatro mares que bordean TurquíaMar de Mármara
40%
¿Qué caramelo en forma de cubo está hecho de dátiles, nueces y gel picados?{Delicia} Turca
33%
¿Cuál es el título del líder de la Iglesia Ortodoxa Oriental, con sede en esa ciudad?Patriarca Ecuménico
32%
¿Qué localidad costera es la tercera ciudad más grande de Turquía?Esmirna
30%

Distribución de puntuación

Porcentaje por número respondido

Porcentaje de gente con cada puntuación

Historial de tus puntuaciones

No has tomado esta prueba